<?xml version="1.0" encoding="UTF-8"?>
<collection xmlns="http://www.loc.gov/MARC21/slim">
 <record>
  <leader>00485pamaa2200181   4500</leader>
  <controlfield tag="001">0000038053</controlfield>
  <controlfield tag="005">20140919090000.0</controlfield>
  <datafield tag="020" ind1="0" ind2="0">
   <subfield code="a">[Nil] </subfield>
  </datafield>
  <datafield tag="082" ind1=" " ind2=" ">
   <subfield code="a">540 COG</subfield>
  </datafield>
  <datafield tag="090" ind1="0" ind2="0">
   <subfield code="a">QD33 </subfield>
   <subfield code="b">COG</subfield>
  </datafield>
  <datafield tag="100" ind1="1" ind2="0">
   <subfield code="a">COGGINS </subfield>
  </datafield>
  <datafield tag="245" ind1="1" ind2="0">
   <subfield code="a">Chemistry student 'final focus' test and exam pack  </subfield>
   <subfield code="c">John Coggins and Franklin Kovipillai.</subfield>
  </datafield>
  <datafield tag="250" ind1="0" ind2="0">
   <subfield code="a">3rd ed.</subfield>
  </datafield>
  <datafield tag="260" ind1="0" ind2="0">
   <subfield code="a">Adelaide: </subfield>
   <subfield code="b">Essentials.</subfield>
  </datafield>
  <datafield tag="300" ind1=" " ind2=" ">
   <subfield code="a">189p: </subfield>
   <subfield code="b">ill.; </subfield>
   <subfield code="c">30cm.</subfield>
  </datafield>
  <datafield tag="501" ind1="0" ind2="0">
   <subfield code="a">CSAM</subfield>
  </datafield>
  <datafield tag="650" ind1="0" ind2="0">
   <subfield code="a">Chemistry -- </subfield>
   <subfield code="x">Exam </subfield>
  </datafield>
  <datafield tag="700" ind1="1" ind2="1">
   <subfield code="a">Kovipillai, </subfield>
   <subfield code="h">Franklin </subfield>
  </datafield>
 </record>
</collection>
